<?xml version="1.0" encoding="UTF-8"?>
<record
    xmlns:xsi="http://www.w3.org/2001/XMLSchema-instance"
    xsi:schemaLocation="http://www.loc.gov/MARC21/slim http://www.loc.gov/standards/marcxml/schema/MARC21slim.xsd"
    xmlns="http://www.loc.gov/MARC21/slim">

  <leader>00841nam a22002057a 4500</leader>
  <controlfield tag="005">20230110094943.0</controlfield>
  <controlfield tag="008">230110b           ||||| |||| 00| 0 eng d</controlfield>
  <datafield tag="020" ind1=" " ind2=" ">
    <subfield code="a">9788131609385</subfield>
  </datafield>
  <datafield tag="040" ind1=" " ind2=" ">
    <subfield code="c">AL</subfield>
  </datafield>
  <datafield tag="041" ind1=" " ind2=" ">
    <subfield code="a">eng</subfield>
  </datafield>
  <datafield tag="082" ind1=" " ind2=" ">
    <subfield code="2">23</subfield>
    <subfield code="a">361.3</subfield>
    <subfield code="b">ROYS</subfield>
  </datafield>
  <datafield tag="100" ind1=" " ind2=" ">
    <subfield code="a">Sanjoy Roy</subfield>
    <subfield code="9">69028</subfield>
  </datafield>
  <datafield tag="245" ind1=" " ind2=" ">
    <subfield code="a">Social work in globalizing world</subfield>
    <subfield code="b">: Practices and challenges</subfield>
  </datafield>
  <datafield tag="260" ind1=" " ind2=" ">
    <subfield code="a">New Delhi</subfield>
    <subfield code="b">Rawat Publications</subfield>
    <subfield code="c">2018</subfield>
  </datafield>
  <datafield tag="300" ind1=" " ind2=" ">
    <subfield code="a">xiv,326p.</subfield>
    <subfield code="b">HB</subfield>
    <subfield code="c">24.2x16.4cm.</subfield>
  </datafield>
  <datafield tag="365" ind1=" " ind2=" ">
    <subfield code="2">General</subfield>
    <subfield code="a">1835</subfield>
    <subfield code="b">&#x20B9;1101.00</subfield>
    <subfield code="c">&#x20B9;</subfield>
    <subfield code="d">&#x20B9;1295.00</subfield>
    <subfield code="e">15%</subfield>
    <subfield code="f">12-12-2022</subfield>
  </datafield>
  <datafield tag="520" ind1=" " ind2=" ">
    <subfield code="a">Understanding social work; Historical Development of Social work in the world; values and ethics in social work; Practice focus in social work, Diverse roles of social work; challenges of social work today.
</subfield>
  </datafield>
  <datafield tag="650" ind1=" " ind2=" ">
    <subfield code="2">Social Problems</subfield>
    <subfield code="a">Social Problems and Services</subfield>
    <subfield code="9">69029</subfield>
  </datafield>
  <datafield tag="942" ind1=" " ind2=" ">
    <subfield code="2">ddc</subfield>
    <subfield code="c">BK</subfield>
  </datafield>
  <datafield tag="999" ind1=" " ind2=" ">
    <subfield code="c">226355</subfield>
    <subfield code="d">226355</subfield>
  </datafield>
  <datafield tag="952" ind1=" " ind2=" ">
    <subfield code="0">0</subfield>
    <subfield code="1">0</subfield>
    <subfield code="2">ddc</subfield>
    <subfield code="4">0</subfield>
    <subfield code="7">0</subfield>
    <subfield code="8">MSW</subfield>
    <subfield code="a">SACPG</subfield>
    <subfield code="b">SACPG</subfield>
    <subfield code="d">2023-01-07</subfield>
    <subfield code="e">Vidya Vihar</subfield>
    <subfield code="g">1101.00</subfield>
    <subfield code="l">0</subfield>
    <subfield code="o">361.3 ROYS</subfield>
    <subfield code="p">PG024166</subfield>
    <subfield code="r">2023-01-10 00:00:00</subfield>
    <subfield code="v">1295.00</subfield>
    <subfield code="w">2023-01-10</subfield>
    <subfield code="y">BK</subfield>
  </datafield>
</record>
